{"text_format":"3","workbook":"xlsx","n_sheets":1,"sheets":["Предмет"],"not_rendered":{"defined_names":8},"read":"whole","date_system":"1900"}

{"sheet":"Предмет","index":0,"n_rows":73,"n_cols":16,"rows_kept":73}
["№","СНИЛС","Фамилия","Имя","Отчество","Пол","Дата рождения","Участник с ОВЗ","Класс","Класс участия","Балл","Макс. Балл","Статус","Призер МЭ прошлого года","Учитель","Место работы учителя"]
[1,2,3,4,5,6,7,8,9,10,11,12,13,14,15,16]
[1,17098942817,"Алексеева","Кира","Алмазовна","ж","2012-03-17",null,7,7,47,80,"призер",null,"Шайдуллина Анна Тэльлгатовна","МАОУ \"Лицей №10\" г.Альметьевска"]
[2,17144170141,"Зинин","Дмитрий","Михайлович","м","2012-03-25",null,7,7,36,80,"участник",null,"Шайдуллина Анна Тэльлгатовна","МАОУ \"Лицей №10\" г.Альметьевска"]
[3,17144174452,"Карамов","Эрик","Ильшатович","м","2012-04-01",null,7,7,58,80,"победитель",null,"Шайдуллина Анна Тэльлгатовна","МАОУ \"Лицей №10\" г.Альметьевска"]
[4,17098942110,"Проханов","Илья","Максимович","м","2012-03-02",null,7,7,40,80,"участник",null,"Шайдуллина Анна Тэльлгатовна","МАОУ \"Лицей №10\" г.Альметьевска"]
[5,17215412941,"Стяжкин","Павел","Николаевич","м","2012-01-14",null,7,7,44,80,"участник",null,"Шайдуллина Анна Тэльлгатовна","МАОУ \"Лицей №10\" г.Альметьевска"]
[6,17287715607,"Шарипова","Аделина","Равилевна","ж","2012-06-29",null,7,7,45,80,"призер",null,"Шайдуллина Анна Тэльлгатовна","МАОУ \"Лицей №10\" г.Альметьевска"]
[7,16863512090,"Кабиров","Амир","Раилевич\n","м","2011-09-30",null,8,8,58,80,"призер",null,"Сулейманова Эльвира Асхатовна","МАОУ \"Лицей №10\" г.Альметьевска"]
[8,16381103343,"Валиуллина","Милана","Рамилевна\n","ж","2011-01-25",null,8,8,65,80,"победитель",null,"Сулейманова Эльвира Асхатовна","МАОУ \"Лицей №10\" г.Альметьевска"]
[9,16736213777,"Семенова","Анастасия","Павловна","ж","2011-07-05",null,8,8,45,80,"призер",null,"Сулейманова Эльвира Асхатовна","МАОУ \"Лицей №10\" г.Альметьевска"]
[10,16515930572,"Булатова","Сафира","Маратовна","ж","2011-02-08",null,8,8,34,80,"участник",null,"Сулейманова Эльвира Асхатовна","МАОУ \"Лицей №10\" г.Альметьевска"]
[11,16775507813,"Евсеев","Александр","Николаевич","м","2011-08-13",null,8,8,39,80,"участник",null,"Сулейманова Эльвира Асхатовна","МАОУ \"Лицей №10\" г.Альметьевска"]
[12,16807220667,"Егоров","Артём","Андреевич","м","2011-08-14",null,8,8,52,80,"призер",null,"Сулейманова Эльвира Асхатовна","МАОУ \"Лицей №10\" г.Альметьевска"]
[13,16764887636,"Ленерт","Ульяна","Павловна","ж","2011-07-20",null,8,8,35,80,"участник",null,"Сулейманова Эльвира Асхатовна","МАОУ \"Лицей №10\" г.Альметьевска"]
[14,16651958504,"Аскарова","Алия","Айдаровна","ж","2011-05-27",null,8,8,37,80,"участник",null,"Сулейманова Эльвира Асхатовна","МАОУ \"Лицей №10\" г.Альметьевска"]
[15,17212377546,"Бирюкова","Ксения","Константиновна","ж","2011-01-07",null,8,8,43,80,"призер",null,"Сулейманова Эльвира Асхатовна","МАОУ \"Лицей №10\" г.Альметьевска"]
[16,17249436084,"Комарова","Юлия","Александровна","ж","2011-04-23",null,8,8,33,80,"участник",null,"Сулейманова Эльвира Асхатовна","МАОУ \"Лицей №10\" г.Альметьевска"]
[17,16628946918,"Маклакова","Вероника","Евгеньевна","ж","2011-05-23",null,8,8,59,80,"призер",null,"Сулейманова Эльвира Асхатовна","МАОУ \"Лицей №10\" г.Альметьевска"]
[18,16785374119,"Харитонов","Глеб","Вадимович","м","2011-07-29",null,8,8,29,80,"участник",null,"Сулейманова Эльвира Асхатовна","МАОУ \"Лицей №10\" г.Альметьевска"]
[19,17543493794,"Хуснуллин","Эмиль","Ильнурович","м","2011-06-08",null,8,8,40,80,"участник",null,"Сулейманова Эльвира Асхатовна","МАОУ \"Лицей №10\" г.Альметьевска"]
[20,17268040672,"Хуснутдинова","Рената","Наилевна","ж","2011-10-17",null,8,8,42,80,"участник",null,"Сулейманова Эльвира Асхатовна","МАОУ \"Лицей №10\" г.Альметьевска"]
[21,17206087046,"Зинуров","Карим","Ринатович","м","2010-10-25",null,9,9,52,100,"участник",null,"Сулейманова Эльвира Асхатовна","МАОУ \"Лицей №10\" г.Альметьевска"]
[22,"17212375744","Тимеркаев","Тимур","Назилович","м","2010-10-23",null,9,9,59,100,"участник","да","Сулейманова Эльвира Асхатовна","МАОУ \"Лицей №10\" г.Альметьевска"]
[23,16115528036,"Гарифуллин","Радмир","Артурович","м","2010-07-06",null,9,9,61,100,"участник",null,"Сулейманова Эльвира Асхатовна","МАОУ \"Лицей №10\" г.Альметьевска"]
[24,16115528137,"Гарифуллина","Элина","Артуровна","ж","2010-07-06",null,9,9,66,100,"участник",null,"Сулейманова Эльвира Асхатовна","МАОУ \"Лицей №10\" г.Альметьевска"]
[25,"17170880776","Тимеркаев","Адель","Рамисович","м","2010-10-20",null,9,9,28,100,"участник",null,"Сулейманова Эльвира Асхатовна","МАОУ \"Лицей №10\" г.Альметьевска"]
[26,15906137169,"Хайруллин","Адель","Азатович","м","2010-04-15",null,9,9,39,100,"участник",null,"Сулейманова Эльвира Асхатовна","МАОУ \"Лицей №10\" г.Альметьевска"]
[27,17654420987,"Таллибулина","Эльмира","Романовна","ж","2010-08-27",null,9,9,79,100,"призер",null,"Сулейманова Эльвира Асхатовна","МАОУ \"Лицей №10\" г.Альметьевска"]
[28,"17013949455","Галиакберова","Камилла","Айратовна","ж","2009-11-17",null,9,9,69,100,"призер","да","Сулейманова Эльвира Асхатовна","МАОУ \"Лицей №10\" г.Альметьевска"]
[29,"16945156100","Насыбуллина  ","Диана","Ильгизовна","ж","2009-12-16",null,9,9,76,100,"призер",null,"Сулейманова Эльвира Асхатовна","МАОУ \"Лицей №10\" г.Альметьевска"]
[30,"17212378447","Филатов","Михаил","Алексеевич","м","2010-05-06",null,9,9,56,100,"участник",null,"Сулейманова Эльвира Асхатовна","МАОУ \"Лицей №10\" г.Альметьевска"]
[31,"17113505628","Каюмова","Диляра","Ильгизовна","ж","2010-07-30",null,9,9,65,100,"участник",null,"Сулейманова Эльвира Асхатовна","МАОУ \"Лицей №10\" г.Альметьевска"]
[32,"17192546685","Голышева","Полина","Дмитриевна","ж","2010-03-24",null,9,9,79,100,"призер",null,"Сулейманова Эльвира Асхатовна","МАОУ \"Лицей №10\" г.Альметьевска"]
[33,"15948877344","Курбанбаева","Карина","Тимуровна","ж","2009-10-05",null,9,9,76,100,"призер",null,"Сулейманова Эльвира Асхатовна","МАОУ \"Лицей №10\" г.Альметьевска"]
[34,"17200987759","Хайбуллина","Рената","Айдаровна","ж","2010-07-14",null,9,9,69,100,"призер",null,"Сулейманова Эльвира Асхатовна","МАОУ \"Лицей №10\" г.Альметьевска"]
[35,"16928966440","Яфарова","Рания","Радиковна","ж","2009-12-31",null,9,9,73,100,"призер",null,"Сулейманова Эльвира Асхатовна","МАОУ \"Лицей №10\" г.Альметьевска"]
[36,"16920719383","Касимова","Зарина","Артуровна","ж","2010-12-21",null,9,9,28,100,"участник",null,"Сулейманова Эльвира Асхатовна","МАОУ \"Лицей №10\" г.Альметьевска"]
[37,"17228230451","Латипов","Эмир","Айратович","м","2010-10-01",null,9,9,91,100,"победитель",null,"Сулейманова Эльвира Асхатовна","МАОУ \"Лицей №10\" г.Альметьевска"]
[38,"16894262217","Сиразутдинова","Адиля","Наисовна","ж","2010-05-29",null,9,9,31,100,"участник",null,"Сулейманова Эльвира Асхатовна","МАОУ \"Лицей №10\" г.Альметьевска"]
[39,"16882540405","Салахетдинова","Азалия","Ильшатовна","ж","2010-01-08",null,9,9,41,100,"участник",null,"Сулейманова Эльвира Асхатовна","МАОУ \"Лицей №10\" г.Альметьевска"]
[40,16625905384,"Миронова","Дарья","Алексеевна","ж","2010-06-16",null,9,9,83,100,"призер",null,"Сулейманова Эльвира Асхатовна","МАОУ \"Лицей №10\" г.Альметьевска"]
[41,16218592673,"Хуснуллина","Рената","Маратовна","ж","2008-12-24",null,10,10,35,100,"участник",null,"Сулейманова Эльвира Асхатовна","МАОУ \"Лицей №10\" г.Альметьевска"]
[42,"17240363543","Тютюгина  ","София","Ильинична","ж","2009-03-31",null,10,10,79,100,"призер","да","Сулейманова Эльвира Асхатовна","МАОУ \"Лицей №10\" г.Альметьевска"]
[43,"17033285241","Гирфанова","Азалия","Ильшатовна","ж","2009-05-13",null,10,10,28,100,"участник",null,"Сулейманова Эльвира Асхатовна","МАОУ \"Лицей №10\" г.Альметьевска"]
[44,"17175260165","Григорьев","Арсений","Вадимович","м","2009-10-12",null,10,10,57,100,"участник",null,"Сулейманова Эльвира Асхатовна","МАОУ \"Лицей №10\" г.Альметьевска"]
[45,"16938894851","Иванов","Кирилл","Антонович","м","2009-09-21",null,10,10,20,100,"участник",null,"Сулейманова Эльвира Асхатовна","МАОУ \"Лицей №10\" г.Альметьевска"]
[46,"18858383140","Левин","Герман","Андреевич","м","2009-03-14",null,10,10,50,100,"участник",null,"Сулейманова Эльвира Асхатовна","МАОУ \"Лицей №10\" г.Альметьевска"]
[47,"17030650324","Мазур","Богдан","Валериевич","м","2008-12-17",null,10,10,24,100,"участник",null,"Сулейманова Эльвира Асхатовна","МАОУ \"Лицей №10\" г.Альметьевска"]
[48,"17192542071","Низамов","Данис","Ленарович","м","2009-08-03",null,10,10,64,100,"призер",null,"Сулейманова Эльвира Асхатовна","МАОУ \"Лицей №10\" г.Альметьевска"]
[49,"17276356053","Салахов","Рузаль","Ринатович","м","2009-03-21",null,10,10,45,100,"участник",null,"Сулейманова Эльвира Асхатовна","МАОУ \"Лицей №10\" г.Альметьевска"]
[50,"17209430856","Сахапов","Илья","Наилевич","м","2009-09-11",null,10,10,63,100,"призер",null,"Сулейманова Эльвира Асхатовна","МАОУ \"Лицей №10\" г.Альметьевска"]
[51,"16238823779","Сунгатуллин","Рамазан","Линарович","м","2009-02-26",null,10,10,20,100,"участник",null,"Сулейманова Эльвира Асхатовна","МАОУ \"Лицей №10\" г.Альметьевска"]
[52,"18643196500","Тарасов","Илья","Владимирович","м","2009-06-11",null,10,10,83,100,"победитель",null,"Сулейманова Эльвира Асхатовна","МАОУ \"Лицей №10\" г.Альметьевска"]
[53,"17086373485","Фатыхов","Эмиль","Владиславович","м","2009-06-06",null,10,10,65,100,"призер",null,"Сулейманова Эльвира Асхатовна","МАОУ \"Лицей №10\" г.Альметьевска"]
[54,"17163762274","Фарзиев","Камиль","Рамилевич","м","2009-03-07",null,10,10,76,100,"призер",null,"Сулейманова Эльвира Асхатовна","МАОУ \"Лицей №10\" г.Альметьевска"]
[55,"17199390008","Хасаншина","Хабиба","Ильдаровна","ж","2008-08-28",null,11,11,87,100,"победитель",null,"Сулейманова Эльвира Асхатовна","МАОУ \"Лицей №10\" г.Альметьевска"]
[56,"16476447704","Хохлов","Глеб","Евгеньевич","м","2009-02-05",null,11,11,24,100,"участник",null,"Сулейманова Эльвира Асхатовна","МАОУ \"Лицей №10\" г.Альметьевска"]
[57,"16476446400","Алаев","Юрий","Дмитриевич","м","07.26.2008",null,11,11,45,100,"участник",null,"Сулейманова Эльвира Асхатовна","МАОУ \"Лицей №10\" г.Альметьевска"]
[58,16247897203,"Сахабиева","Алина","Альбертовна","ж","2008-11-04",null,11,11,27,100,"участник",null,"Сулейманова Эльвира Асхатовна","МАОУ \"Лицей №10\" г.Альметьевска"]
[59,15845007168,"Субботин","Родион","Русланович","м","2007-12-05",null,11,11,76,100,"призер",null,"Сулейманова Эльвира Асхатовна","МАОУ \"Лицей №10\" г.Альметьевска"]
[60,18091826586,"Шайдуллин","Даниль","Романович","м","2008-08-27",null,11,11,80,100,"призер",null,"Сулейманова Эльвира Асхатовна","МАОУ \"Лицей №10\" г.Альметьевска"]
[61,16385936410,"Надыршина","Алина","Руслановна","ж","2009-01-11",null,11,11,68,100,"призер",null,"Сулейманова Эльвира Асхатовна","МАОУ \"Лицей №10\" г.Альметьевска"]
[62,15849482925,"Арефьев","Антон","Алексеевич","м","2008-01-05",null,11,11,49,100,"участник",null,"Сулейманова Эльвира Асхатовна","МАОУ \"Лицей №10\" г.Альметьевска"]
[63,16697491435,"Абрамов","Кирилл","Сергеевич","м","2008-07-26",null,11,11,34,100,"участник",null,"Сулейманова Эльвира Асхатовна","МАОУ \"Лицей №10\" г.Альметьевска"]
[64,16162563356,"Билалов","Артем","Марселевич","м","2008-05-22",null,11,11,37,100,"участник",null,"Сулейманова Эльвира Асхатовна","МАОУ \"Лицей №10\" г.Альметьевска"]
[65,16237862784,"Бусыгин","Сергей","Максимович","м","2008-03-14",null,11,11,26,100,"участник",null,"Сулейманова Эльвира Асхатовна","МАОУ \"Лицей №10\" г.Альметьевска"]
[66,16476446702,"Гареев","Сабир","Данисович","м","2008-02-19",null,11,11,84,100,"призер",null,"Сулейманова Эльвира Асхатовна","МАОУ \"Лицей №10\" г.Альметьевска"]
[67,16235391458,"Минеев","Владимир","Дмитриевич","м","2008-09-18",null,11,11,43,100,"участник",null,"Сулейманова Эльвира Асхатовна","МАОУ \"Лицей №10\" г.Альметьевска"]
[68,16820119251,"Сулейманов","Ринат","Айратович","м","2008-09-05",null,11,11,30,100,"участник",null,"Сулейманова Эльвира Асхатовна","МАОУ \"Лицей №10\" г.Альметьевска"]
[69,15787279127,"Шарифуллин","Ильяс","Рамилевич","м","2007-10-29",null,11,11,36,100,"участник",null,"Сулейманова Эльвира Асхатовна","МАОУ \"Лицей №10\" г.Альметьевска"]
[70,15898202817,"Рафагетдинова","Марьям","Руслановна","ж","2007-12-09",null,11,11,45,100,"участник",null,"Сулейманова Эльвира Асхатовна","МАОУ \"Лицей №10\" г.Альметьевска"]
[71,16476447401,"Салахутдинова","Малика","Газинуровна","ж","2007-10-10",null,11,11,74,100,"призер",null,"Сулейманова Эльвира Асхатовна","МАОУ \"Лицей №10\" г.Альметьевска"]